Protestantism. (Record no. 13681)

000 -LEADER
fixed length control field 00580nam a2200193 a 4500
001 - CONTROL NUMBER
control field :::00011504$&:&@@
003 - CONTROL NUMBER IDENTIFIER
control field OkBaRHE
005 - DATE AND TIME OF LATEST TRANSACTION
control field 20000607103409.0
008 - FIXED-LENGTH DATA ELEMENTS--GENERAL INFORMATION
fixed length control field s1961 j 000 0 eng u
040 ## - CATALOGING SOURCE
Transcribing agency
100 1# - MAIN ENTRY--PERSONAL NAME
Personal name Dunstan, J. Leslie,
245 10 - TITLE STATEMENT
Title Protestantism.
260 ## - PUBLICATION, DISTRIBUTION, ETC. (IMPRINT)
Place of publication, distribution, etc New York, NY., :
Name of publisher, distributor, etc Washington Square Press, Inc.
Date of publication, distribution, etc c1961
300 ## - PHYSICAL DESCRIPTION
Extent 257 p. ;
Dimensions 16 cm.
490 0# - SERIES STATEMENT
Series statement Great religions of modern man.
650 ## - SUBJECT ADDED ENTRY--TOPICAL TERM
Topical term or geographic name as entry element Protestantism
942 ## - ADDED ENTRY ELEMENTS (KOHA)
Source of classification or shelving scheme
Koha item type Books
Copies
Date last seen Full call number Permanent Location Koha item type Shelving location Copy number Barcode Date acquired Withdrawn status Not for loan Source of classification or shelving scheme Lost status Price effective from Damaged status
2010-04-14BX 4811 .D8RHEMA Bible Training CollegeBooksGeneral Stacks1115042010-04-14    2010-04-14